Διαφήμιση και μάρκετινγκ στο διαδίκτυο

Saved in:
Bibliographic Details
Main Author: Φρίγκας, Γιώργος, 1975-
Format: Book
Language:Greek
Published: Αθήνα : Κριτική, c2005.
Series:Business management (Εκδόσεις Κριτική) ; 30
Subjects:
Tags: Add Tag
No Tags, Be the first to tag this record!

MARC

LEADER 00000cam a2200000 i 4500
001 1/21080
008 051220s2005 gre d
020 |a 9602183934 
035 |l 10081780 
040 |a GR-MY-UA  |b gre  |e aacr 
041 0 |a gre 
082 7 |a 659.144   |2 (22) 
100 1 |a Φρίγκας, Γιώργος,   |d 1975- 
245 1 0 |a Διαφήμιση και μάρκετινγκ στο διαδίκτυο /   |c Γιώργος Φρίγκας. 
260 |a Αθήνα :   |b Κριτική,   |c c2005. 
300 |a 268 σ. :   |b διαγρ., πίν. ;   |c 24 εκ. 
490 1 |a (Business management / Εκδόσεις Κριτική ;   |v  30) 
504 |a Βιβλιογραφία: σ. 261-268. Γλωσσάρι 
650 0 0 |a Internet advertising. 
650 0 0 |a Electronic commerce. 
650 0 0 |a Internet marketing. 
830 0 |a Business management (Εκδόσεις Κριτική)  |v ; 30 
852 |a INST  |b CHIOS  |e 20051220  |h 659.144 ΦΡΙ  |p 005200024408  |q 005200024408  |t BK  |y 0 
852 |a INST  |b CHIOS  |e 20141021  |h 659.144 ΦΡΙ  |p 005200035902  |q 005200035902  |t BK  |y 0 
901 |a BIBL2-2005-3 
901 |a BIBL2-2014-3 
909 |a Χ  |b 119829 
909 |a Χ  |b 190067 
922 |a 2ΕΛΗ  |b 201407  |c ΤΑΚ/ΚΥΒ  |d ΙΩΑΝΝΙΔΟΥ 
970 |a ΧΑΖΙΡΗ  |b ΑΝΝΑ  |z 2005/12/20